000 00201 a2200097 4500
020 _a9788427202146
041 _aspa
100 _aSuzanne Collins
245 _aLos juegos del hambre Sinsajo
942 _cK
999 _c26309
_d26309